Ciencia y tecnología en América Latina en el siglo XXI
Luego de la guerra civil de 1948, emergieron fuerzas sociales que han guiado al país por un camino gradual, de las cuales surgió el Partido Liberación Nacional cuyo proyecto político consiste en alcanzar la estabilidad política, el crecimiento económico y el bienestar social. La estrategia residió e...
Sparad:
| Institutionell upphovsman: | |
|---|---|
| Materialtyp: | Okänd |
| Publicerad: |
San José:
El Consejo
|
| Ämnen: | |
| Taggar: |
Lägg till en tagg
Inga taggar, Lägg till första taggen!
|
MARC
| LEADER | 00000 a2200000 04500 | ||
|---|---|---|---|
| 001 | 12514 | ||
| 003 | |||
| 008 | 991231s d | ||
| 040 | |a CRAI/IIS |c CRAI/IIS | ||
| 090 | |a 023504 | ||
| 110 | |a Consejo Nacional de Investigaciones Científicas y Tecnológicas | ||
| 245 | |a Ciencia y tecnología en América Latina en el siglo XXI | ||
| 260 | |a San José: |b El Consejo | ||
| 300 | |a p. varia | ||
| 520 | |a Luego de la guerra civil de 1948, emergieron fuerzas sociales que han guiado al país por un camino gradual, de las cuales surgió el Partido Liberación Nacional cuyo proyecto político consiste en alcanzar la estabilidad política, el crecimiento económico y el bienestar social. La estrategia residió en la continuación de un modelo agroexprotador, destacándose la participación del sector sustituto de importaciones. Se le da especial atención al desarrollo científico tecnológico en varios campos (industria, aparato burocrático, agro, etc). HB/EL | ||
| 650 | |a TECNOLOGIA | ||
| 650 | |a HISTORIA | ||
| 650 | |a PARTIDO LIBERACION NACIONAL, CR | ||
| 650 | |a ASPECTOS ECONOMICOS | ||
| 650 | |a SOCIEDAD | ||
| 650 | |a ASPECTOS POLITICOS | ||
| 650 | |a INTERVENCION DEL ESTADO | ||
| 650 | |a DESARROLLO ECONOMICO Y SOCIAL | ||
| 650 | |a AGRICULTURA | ||
| 650 | |a INDUSTRIA | ||
| 650 | |a DESARROLLO ECONOMICO Y SOCIAL | ||
| 999 | |c 14294 |d 14294 | ||
